BMX Tricks Word Scramble - Statistics

General Stats
  • This quiz has been taken 38 times
  • The average score is 11 of 15
Answer Stats
Hint Answer % Correct
Whiptail Tailwhip
97%
Spinbar Barspin
94%
810 180
88%
Cabkflip Backflip
88%
720 270
85%
063 360
85%
Taildoubwhiple Double Tailwhip
85%
Ekiaf Fakie
76%
Jfoomat Footjam
65%
Cadede Decade
62%
Tytapre Tyretap
62%
Edicius on dhaner Suicide no Hander
59%
Gobt Tbog
56%
Dpoiwhnwseid Downside Whip
53%
Retsasdi Disaster
26%
No matching quizzes found
Score Distribution
Percent of People with Each Score
Percentile by Number Answered
Your Score History
You have not taken this quiz